000 02612nas a2200517 a 4500
001 6818744
003 CaAEU
005 20260305134633.0
006 m o d
007 cr un|||||||||
008 050822c19259999nyuwn pso r 0 a0eng
010 _a 2011201780
022 0 _a2163-3827
_y0028-792X
_21
035 _aocm61311198
037 _aB4E509BD-287D-420B-A493-83D2BD3952F9
_bOverDrive, Inc.
_nhttp://www.overdrive.com
039 _aexclude
040 _beng
_dAEU
_ctbs
041 _aEnglish
042 _apcc
_ansdp
043 _an-us-ny
050 4 _aAP2
_b.N6763
050 1 0 _aISSN RECORD
082 0 4 _a051
_223
090 _aInternet Access
_bAEGMCT
090 _aInternet Access
_bAEU
090 _aInternet Access
_bAGPC
130 0 _aNew Yorker (New York, N.Y. : 1925)
222 4 _aThe New Yorker
_b(Print)
245 1 4 _aThe New Yorker.
260 _aNew York :
_bF-R Pub. Corp.
260 2 _3<2003-> :
_a[New York] :
_bD. Carey
260 3 _3<Nov. 2005-> :
_a[New York] :
_bConde Nast Publications
321 _aWeekly
362 1 _aPrint began with issue for Feb. 21, 1925.
500 _aSome issues bear also thematic titles.
506 _aAccess restricted to authorized users and institutions.
520 _aThe New Yorker is an American magazine known for its high-quality journalism, thoughtful essays, short stories, cultural criticism and distinctive cartoons. Founded in 1925, it has built a reputation for long-form reporting and carefully edited writing that often explores politics, society, literature, and the arts in depth. Although it focuses largely on life in the United States—particularly New York City—its coverage frequently looks outward, offering international reporting and commentary on global issues. The magazine is also famous for its elegant illustrated covers and its dry, witty cartoons, which have become one of its most recognisable features. Today, The New Yorker is published weekly in print and online, and remains one of the most influential magazines in English-language journalism.
650 0 _aLiterature - Collections Periodicals.
_vCollections
_vPeriodicals.
650 0 _aIntellectual life.
_926802
651 0 _aNew York (N.Y.)
_xIntellectual life
_vDirectories.
651 0 _aNew York City (USA)
_922519
655 7 _aCollections.
_2fast
_0(OCoLC)fst01424032
758 _aNew Yorker
_4http://id.loc.gov/ontologies/bibframe/instanceOf
_1http://www.wikidata.org/entity/Q217305
776 0 8 _iPrint version:
_tNew Yorker (New York, N.Y. : 1925)
_x0028-792X
_w(DLC) 28005329
_w(OCoLC)1760231
942 _2ddc
999 _c5384
_d5384